| 000 | 00682cab a2200217 4500 | ||
|---|---|---|---|
| 001 | ABS37638 | ||
| 008 | 090401t1987 xxu||||| |||| 00| 0 eng d | ||
| 035 | _a(Sirsi) u5784 | ||
| 041 | _aeng | ||
| 100 | _aBowie, N. | ||
| 245 | _aFurther thoughts on the market | ||
| 260 | _c1987 | ||
| 350 | _a0 | ||
| 490 |
_aEstates Gazette _v281(6327) 28 March 1987, 1431-1432(2) |
||
| 520 | _aDiscusses investment in property, in particular the recent success of the retail market, which has seen significant changes in the last few years. | ||
| 650 | _aINSTITUTIONAL INVESTMENT | ||
| 650 | _aSHOP MARKET | ||
| 690 | _aPROPERTY-COMMERCIAL PROPERTY | ||
| 942 | _n0 | ||
| 948 | _c04/03/1997 | ||
| 999 |
_c3451 _d3451 |
||